00576nam a22001817a 4500003000200000005001700002008004100019020001800060050002400078100003100102245005900133260004400192300004000236504005100276650002400327650002700351650001600378020241015133158.0241015b xxu||||| |||| 00| 0 eng d a9781641730230 aT 56.24b.Sp64 2024 aSpencer, Patrick,eauthor. aFundamentals of management science /cPatrick Spencer. aNew York, NY :bLarsen & Keller,c2024. aviii, 180 p. :bcol. ill. ;c27 cm. aIncludes bibliographical references and index. aManagement science. aIndustrial management. aManagement.